000 00778nam a2200253Ia 4500
003 OSt
005 20220928104226.0
006 a|||||r|||| 00| 0
007 ta
008 220927b |||||||| |||| 00| 0 eng d
024 _a42868
037 _cTextual
040 _aSDCL
_cSDCL
_beng
041 _2eng
_aeng
082 _aXM8:8.2'N9, N8
100 _aHumphrey John
_9409712
245 0 _aCorporate restructuring
_b Crompton greaves and the challenge of globalisation
260 _aNew Delhi
_bSage Publications
_c1998
300 _a273p
_ccm.
700 _a Kaplinsky Raphael
_9362634
700 _a Saraph Prasad V
_9409713
942 _hXM8:8.2'N9, N8
_cTEXL
_2CC
999 _c725274
_d725274